Dlhová kríza v eurozóne, príčiny, následky, možné východiská
Podstata a príčiny dlhovej krízy. Rub dlhovej krízy v Európe. Východiská z krízy a reakcia vybraných krajín. Grécko a ďalšie možné problémy.
Guardado en:
| Autor principal: | |
|---|---|
| Formato: | Capítulo de libro |
| Lenguaje: | eslovaco |
| Materias: | |
| Etiquetas: |
Sin Etiquetas, Sea el primero en etiquetar este registro!
|
MARC
| LEADER | 00000nla a2200000 4500 | ||
|---|---|---|---|
| 001 | 0160013 | ||
| 005 | 20240502072757.6 | ||
| 041 | 0 | |a slo | |
| 044 | |a SK | ||
| 245 | 1 | 0 | |a Dlhová kríza v eurozóne, príčiny, následky, možné východiská |c Erika Mária Jamborová |
| 520 | |a Podstata a príčiny dlhovej krízy. Rub dlhovej krízy v Európe. Východiská z krízy a reakcia vybraných krajín. Grécko a ďalšie možné problémy. | ||
| 610 | 2 | 0 | |a kríza |
| 610 | 2 | 0 | |a dlhy |
| 610 | 2 | 0 | |a eurozóna |
| 610 | 2 | 0 | |a Grécko |
| 610 | 2 | 0 | |a Francúzsko |
| 610 | 2 | 0 | |a Nemecko |
| 100 | 1 | |a Jamborová, Erika Mária | |